Dopasuj dzielnicę do polskiego miasta - Statystyki

Ogólne statystyki
  • Ten quiz został rozwiązany 49 razy
  • Średni wynik to 18 z 39
Statystyki odpowiedzi
Hint Odpowiedź % Poprawnych
Widzew Łódź
96%
Mokotów Warszawa
96%
Żoliborz Warszawa
93%
Bałuty Łódź
84%
Kazimierz Kraków
82%
Wrzeszcz Gdańsk
76%
Wawer Warszawa
76%
Psie Pole Wrocław
69%
Krzyki Wrocław
64%
Jeżyce Poznań
58%
Wilda Poznań
56%
Fordon Bydgoszcz
53%
Jelitkowo Gdańsk
53%
Giszowiec Katowice
51%
Majdanek Lublin
49%
Szwederowo Bydgoszcz
47%
Piątkowo Poznań
47%
Bogucice Katowice
42%
Szopienice Katowice
42%
Antoniuk Białystok
38%
Krowodrza Kraków
38%
Pogodno Szczecin
33%
Warszewo Szczecin
31%
Brętowo Gdańsk
29%
Polesie Łódź
29%
Wieniawa Lublin
29%
Dajtki Olsztyn
29%
Popowice Wrocław
29%
Bacieczki Białystok
27%
Bartodzieje Bydgoszcz
27%
Tatary Lublin
27%
Dębniki Kraków
24%
Turzyn Szczecin
24%
Track Olsztyn
22%
Drabinianka Rzeszów
22%
Pobitno Rzeszów
22%
Likusy Olsztyn
16%
Staroniwa Rzeszów
16%
Skorupy Białystok
13%
Nie znaleziono quizów pasujących do podanych kryteriów
Rozkład punktacji
Procent ludzi z każdym wynikiem
Percentyl według liczby udzielonych odpowiedzi
Twoja historia wyników
Nie rozwiązałeś tego quizu